000 00628nam a22001937a 4500
999 _c498
_d498
003 AR-CdUCM
008 190223b ||||| |||| 00| 0 spa d
040 _aMUNICIPALIDAD PROVINCIAL DEL CUSCO
_cBIBLIOTECA MUNICIPAL DEL CUSCO
082 _a869.56 /
_bW48
100 _aWestphalen, Emilio Adolfo
_91941
245 _aDos soledades :
_bpoetas en Lima de los años treinta /
260 _aLima :
_bInstituto Nacional de Cultura,
_c1974.
300 _a89 páginas ;
_c17 cm.
650 _aLiteratura peruana
_9169
650 _aNovela peruana
_91234
650 _aEnsayos
_9375
942 _2ddc
_cLIBROS
945 _araen
_d2019-02-23